00423nam a2200133Ia 4500008004100000024003600041082001700077100004500094245004800139260002600187600002100213650003800234999001700272260210s9999 xx 000 0 und d a14B-103-BS & 14B-102-BS a004.1072 ALI aAliza Aman Arain & Mishan Aman Arain 0aPrediction and Analysis of COPD (code book) aKarachi:bUITU,c2014 aComputer Science aBachelor of Computer Science (BS) c32275d32275